000 00614nam a22002177a 4500
003 UA-OsUOA
001 112694
007 ta
008 20150721b un ||||| |||| 00| 0 ukr d
100 _aЗалізняк Л.Л.
090 _a902
_bЗ-23
942 _cSA
040 _aUA-OsUOA
_bfre
_cUA-OsUOA
_dUA-OsUOA
245 _aФінальний палеоліт - доба кардинальних змін
300 _aС.3-18
955 _a0
041 _afre
080 _a902
773 0 _w112693
_tАрхеологія
_dК.
_d2015
_g2
650 7 _a9 Географія. Біографії. Історія
_2UDC
999 _c398636
_d398636